01156nam a2200253 i 4500003000900000005001700009007000300026008004100029040003000070082001900100111016300119245006900282246008000351264009100431300003500522336002700557337003300584338002800617590002800645910001400673942001400687952018400701999001700885DO-SdBNP20230828101704.0ta190221s1988 dr c r 000 spa d aDO-SdBNPbspacBNPHUerda 222bC776axxxx aCooperativa Nacional de Servivios Múltiples de los Maestros, INC. (COOPANAMA)cHaina, Santo Domingo, República Dominicanad15 y 16 de julio de 1988983339 0aXLII Asamblea general anual de delegados :binforme anual 1987 /13aDiecisiete asamblea general de delegados :bpor el afianzamiento del PBTC / 1aSanto Domingo :bCooperativa Nacional de Servicios Múltiples de los Maestros,c1988. a151 paginasbilustradoc21 cm. 2rdacontempatextobtxt 2rdamediaasin mediaciónbn 2rdacarrieravolumenbnc aInventariado, 2023 / YL aYLockward 2ddccLBS1 00102ddc51708PDaBNPHUbBNPHUcCTd2014-12-01eBarbara Suncarl0oC776 xxxxp2023-5545r2023-08-28w2023-08-28yLBS1zPerteneció a la biblioteca personal de Bárbara Suncar c54553d54553